00473nam a2200157Ia 4500003000900000008004100009040001600050080001900066100002400085245006500109260003200174300001400206650003800220650003600258650002100294IN-BaIIA211028s9999 xx 000 0 eng d cIIA Library a[8]:01:00bSTR aStrutt, Robert John 0aJohn William Strutt third baron rayleighcRobert John Strutt aLondonbEdward Arnoldc1924 axi, 403p. a Biography-John William Strutt  a John William Strutt Biography aNASA Thesaurus